<?xml version="1.0" encoding="UTF-8"?>
<collection xmlns="http://www.loc.gov/MARC21/slim">
  <record>
    <leader>00000nam  2200000   4500</leader>
    <controlfield tag="001">INLIS000000000002894</controlfield>
    <controlfield tag="005">20190227014818</controlfield>
    <datafield tag="035" ind1="#" ind2="#">
      <subfield code="a">0010-0718002894</subfield>
    </datafield>
    <controlfield tag="008">190227################g##########0#eng##</controlfield>
    <datafield tag="020" ind1="#" ind2="#">
      <subfield code="a">0872872653</subfield>
    </datafield>
    <datafield tag="041" ind1=" " ind2=" ">
      <subfield code="a">en</subfield>
    </datafield>
    <datafield tag="082" ind1="#" ind2="#">
      <subfield code="a">025.1</subfield>
    </datafield>
    <datafield tag="090" ind1=" " ind2=" ">
      <subfield code="a">025.1 Mcc s</subfield>
    </datafield>
    <datafield tag="100" ind1=" " ind2="#">
      <subfield code="a">McClure, Charles R.</subfield>
    </datafield>
    <datafield tag="700" ind1=" " ind2="#">
      <subfield code="a">Samuels, Alan R.</subfield>
    </datafield>
    <datafield tag="245" ind1="1" ind2="#">
      <subfield code="a">Strategies for Library Administration Concepts and Approaches /</subfield>
      <subfield code="c">Charles R. McClure</subfield>
    </datafield>
    <datafield tag="250" ind1="#" ind2="#">
      <subfield code="a">Ed. 1</subfield>
    </datafield>
    <datafield tag="260" ind1="#" ind2="#">
      <subfield code="a">Colorado :</subfield>
      <subfield code="b">Libraries Unlimited,</subfield>
      <subfield code="c">1982</subfield>
    </datafield>
    <datafield tag="300" ind1="#" ind2="#">
      <subfield code="a">451 hlm. :</subfield>
      <subfield code="b">ilus ;</subfield>
      <subfield code="c">24 cm</subfield>
    </datafield>
    <datafield tag="500" ind1="#" ind2="#">
      <subfield code="a">The purpose of this book is to provide library administrators, staff, educators, and students with the background information they will need to make effective administrative decisions. The volume is intended to be a summary of important concepts and techniques related to library administration. Although some of the articles provide practical suggestion for improving overall library administration, this is not "how to" book and the reader will find no quick cures for library administrative problems. In compiling this book, we have deliberately avoided the excessively narrow perspectives which often permeate a collection of articles about library administration. Instead, we have adhered to our belief that those interested in library administration must understand concepts and approaches that are basic to administrative techniques, and that they must be exposed to the widest possible number of managerial perspectives in order that an understanding of what is, and what is not, relevant to a particular set of circumstances can be acquired. To obtain such an understanding requires knowledge of theory as well as practice, and obtaining a theoretical knowledge of library administration is thematic throughout the book.</subfield>
    </datafield>
    <datafield tag="650" ind1=" " ind2="#">
      <subfield code="a">Perpustakaan</subfield>
    </datafield>
    <datafield tag="084" ind1="#" ind2="#">
      <subfield code="a">025.1 Mcc s</subfield>
    </datafield>
    <datafield tag="856" ind1="#" ind2="#">
      <subfield code="a">Perpustakaan Lembaga Administras Negara</subfield>
    </datafield>
  </record>
</collection>
